Business Plan for a Selected Company bakalárska práca

Na minha lista:
Detalhes bibliográficos
Autor principal: Novikova, Ekaterina
Autor Corporativo: Fakulta podnikového manažmentu EU. Katedra manažmentu
Outros Autores: Zagoršek, Branislav, 1984-
Formato: Livro
Idioma:inglês
Publicado em: Bratislava 2022
Tags: Adicionar Tag
Sem tags, seja o primeiro a adicionar uma tag!

MARC

LEADER 00000nbm a2200000 4500
001 0285342
005 20230321103257.2
041 0 |a eng 
044 |a SK 
245 1 0 |a Business Plan for a Selected Company  |b bakalárska práca  |c Ekaterina Novikova ; školiteľ: Branislav Zagoršek 
264 1 |a Bratislava  |c 2022 
300 |a 64 s. 
100 1 |a Novikova, Ekaterina 
700 1 |a Zagoršek, Branislav, 1984- 
710 2 |a Fakulta podnikového manažmentu EU. Katedra manažmentu